50 First World Capitals in Alphabetical Order - Statistics

General Stats
  • This quiz has been taken 170 times
    130 since last reset
  • The average score is 39 of 50
Answer Stats
Hint Answer % Correct
1 Abu Dhabi
89%
3 Accra
89%
34 Brasilia
89%
2 Abuja
87%
7 Amsterdam
87%
9 Ankara
87%
29 Berlin
87%
33 Bogota
87%
5 Algiers
85%
8 Andorra la Vella
85%
28 Belmopan
85%
30 Bern
85%
38 Brussels
84%
43 Cairo
84%
10 Antananarivo
83%
39 Bucharest
83%
40 Budapest
83%
6 Amman
82%
11 Apia
82%
16 Athens
82%
25 Beijing
82%
4 Addis Ababa
80%
12 Ashgabat
80%
23 Banjul
80%
41 Buenos Aires
80%
17 Baghdad
79%
19 Bamako
79%
44 Canberra
79%
47 Castries
79%
13 Asmara
78%
21 Bangkok
78%
22 Bangui
78%
26 Beirut
78%
14 Astana
77%
37 Bridgetown
77%
31 Bishkek
76%
35 Bratislava
76%
46 Caracas
74%
18 Baku
73%
20 Bandar Seri Begawan
73%
27 Belgrade
73%
15 Asuncion
72%
24 Basseterre
71%
32 Bissau
70%
36 Brazzaville
66%
45 Cape Town
66%
50 Copenhagen
63%
48 Chisinau
62%
42 Bujumbura
60%
49 Conakry
60%
No matching quizzes found
Score Distribution
Percent of People with Each Score
Percentile by Number Answered
Your Score History
You have not taken this quiz since the last reset